00309nam a2200121Ia 4500008004100000040001700041041001200058082001900070100002800089245002000117260003800137300001200175230917s9999||||xx |||||||||||||| ||und|| e125325aMAIN aEnglish a791.4309 W541H aWexman, Virginia Wright 0aHistory of film aNew DelhibParson educationc2007 a494p p.